| 000 | 00740cam a2200241 a 4500 | ||
|---|---|---|---|
| 020 | _a0070549788 (alk. paper) | ||
| 040 | _cDLC | ||
| 082 | 0 | 0 | _a628 HIL 1994 |
| 100 | 1 | _aSawyer, Clair N. | |
| 245 | 1 | 0 | _aChemistry for environmental engineering. |
| 250 | _a4th ed. / | ||
| 260 |
_aNew York : _bMcGraw-Hill, _cc1994. |
||
| 300 |
_axiii, 658 p. : _bill. ; _c25 cm. |
||
| 650 | 0 | _aEnvironmental chemistry. | |
| 650 | 0 | _aEnvironmental chemistry | |
| 650 | 0 | _aSanitary engineering. | |
| 650 | 0 | _aSanitary engineering | |
| 700 | 1 | _aMcCarty, Perry L. | |
| 700 | 1 | _aParkin, Gene F. | |
| 856 | 4 | 2 | _uhttp://www.loc.gov/catdir/description/mh022/94000261.html |
| 856 | 4 | 1 | _uhttp://www.loc.gov/catdir/toc/mh022/94000261.html |
| 942 | _cAEDBB | ||
| 999 |
_c11266 _d11266 |
||